000 01989nas a2200277Ia 4500
001 R370-R7818
003 IT-CnALBA
008 170116c99999999xx |||||||||||| ||und||
040 _aIT-CnALBA
_cIT-CnALBA
041 _aITALIANO
100 _aCALONGHI GUIDO ANGELO
210 _aSCUOLA VIVA
222 _aSCUOLA VIVA
245 0 _aSCUOLA VIVA. 22 FEBBRAIO 1968. RIVISTA PER LA SCUOLA MEDIA.
250 _a1a ed.
260 _a TO BO CT PA
_bSOCIETÀ ED. INTER.
_c1968 [1° Ed.:1968 - Ed.Ling.Originale: 1968]
300 _a64 p.
310 _aQUINDICINALE
362 _aFascicolo: 10 / Anno: 4 (1968)
500 _aMETODOLOGIA. DIDATTICA. GOSTINI G. TECNICA E SCUOLA. PIANI DI SPERIMENTAZIONE. PIANO DI LAVORO. LA FORGIA M. TUROTTI A. ESPOSITO G. GUIDA BR. CALO'' R. CHIAPPALONE V. BALESTRA I. COS A. I. QUESITI E RISPOSTE. NOTIZIARIO SINDACALE. PRESENTAZIONE ARTICOLI IN RIVISTE E LIBRI. L'OPERA D'ARTE. MODIFICAZIONI FUSTO. CLIMA E VEGETAZIONE. DESCRIZIONE ORALI E SCRITTE. PASTORALE NELLA SCUOLA. UN EDIFICIO PER LA SCUOLA. STUDIO LINGUA NELLA DIDATTICA DELL'ITALIANO. LA RICEZIONE DEL MESSAGGIO. RICERCA STORICA E DISCUSSIONE GUIDATA. STRUTTURALISMO FUNZIONALE NELL'INSEGNAMENTO GRAMMATICA.
501 _aSocietà San Paolo EM - Piazza San Paolo, 14 - 12051 ALBA (CN) (non commercial uses only) ® Copyright 2017
520 _aMETODOLOGIA. DIDATTICA. GOSTINI G. TECNICA E SCUOLA. PIANI DI SPERIMENTAZIONE. PIANO DI LAVORO. LA FORGIA M. TUROTTI A. ESPOSITO G. GUIDA BR. CALO'' R. CHIAPPALONE V. BALESTRA I. COS A. I. QUESITI E RISPOSTE. NOTIZIARIO SINDACALE. PRESENTAZIONE ARTICOLI IN RIVISTE E LIBRI. L'OPERA D'ARTE. MODIFICAZIONI FUSTO. CLIMA E VEGETAZIONE. DESCRIZIONE ORALI E SCRITTE. PASTORALE NELLA SCUOLA. UN EDIFICIO PER LA SCUOLA. STUDIO LINGUA NELLA DIDATTICA DELL'ITALIANO. LA RICEZIONE DEL MESSAGGIO. RICERCA STORICA E DISCUSSIONE GUIDATA. STRUTTURALISMO FUNZIONALE NELL'INSEGNAMENTO GRAMMATICA.
650 _aEDUCAZIONE
942 _cCR
957 _71
999 _a59385
_bNO
_g1
_c326412
_d326412